[Event "Elite Hotels Open 2019"]
[Site "Vaxjo"]
[Date "2019.02.08"]
[Round "3.3"]
[White "Ivarsson, Torbjorn"]
[Black "Gritsak, Orest"]
[Result "0-1"]
[WhiteElo "2119"]
[BlackElo "2466"]
[Annotator "TA"]
[PlyCount "50"]
[EventDate "2019.02.08"]
[EventType "swiss"]
[EventCountry "SWE"]
[SourceTitle "playchess.com"]
[Source "ChessBase"]
[SourceQuality "1"]

{[%evp 9,50,0,0,0,0,0,-5,0,16,2,8,5,0,10,22,-19,-16,-45,-14,-12,24,29,42,40,43,39,27,6,15,-43,-44,-111,-93,-160,-175,-190,-184,-229,-229,-315,-298,-716,-706]} 1. d4 e6 2. Bf4 Bd6 (2... Nf6 3. e3 d5 4. c4 Bd6 5. Bxd6 cxd6 6. Nc3 dxc4 7. Bxc4 O-O 8. Nf3 a6 9. O-O b5 10. Bd3 Bb7 11. Qe2 Nbd7 12. a4 {1-0 (44) Karjakin,S (2783)-Meier,G (2630) chess.com INT 2017}) 3. Bg3 Bxg3 4. hxg3 Nf6 5. Nd2 d6 $146 ({Predecessor:} 5... Nc6 6. c3 d5 7. Ngf3 Qd6 8. Qc2 e5 9. dxe5 Nxe5 10. Nxe5 Qxe5 {½-½ (59) Chadaeva,T (1844)-Dolskiy,V (1929) Dmitrov 2011}) 6. Ngf3 {A40: Unusual replies to 1 d4} Qe7 7. e4 e5 8. Bd3 {The position is equal.} O-O 9. Qe2 Bg4 10. dxe5 dxe5 11. O-O-O Nbd7 12. Qe3 h6 13. Rh4 Qc5 14. Nc4 Qxe3+ 15. Nxe3 Bxf3 16. gxf3 Nc5 17. Bc4 Rfd8 18. Rdh1 Kf8 19. g4 (19. Nf5 $11) 19... Nh7 $1 $15 20. Nf5 (20. Rh5 $15 Nd7 21. a4) 20... Ng5 $17 21. Be2 ({Better is} 21. Rh5 Nce6 22. a3) 21... Nce6 22. Rd1 Nf4 23. Rxd8+ Rxd8 24. Bd1 Ngh3 25. b3 $2 {[#]} (25. c3) 25... Nxf2 {[%mdl 64] Trapped Piece. Accuracy: White = 23%, Black = 61%.} 0-1

[Event "Elite Hotels Open 2019"]
[Site "Vaxjo"]
[Date "2019.02.08"]
[Round "3.4"]
[White "Brynell, Stellan"]
[Black "Andersson, Paul"]
[Result "1-0"]
[WhiteElo "2400"]
[BlackElo "2118"]
[Annotator "TA"]
[PlyCount "51"]
[EventDate "2019.02.08"]
[EventType "swiss"]
[EventCountry "SWE"]
[SourceTitle "playchess.com"]
[Source "ChessBase"]
[SourceQuality "1"]

{[%evp 22,51,23,0,0,-2,25,23,34,19,54,50,54,24,0,0,0,2,17,60,92,102,252,250,930,693,684,687,2362,2321,2155,2101]} 1. d4 e6 2. c4 f5 3. g3 Nf6 4. Bg2 c6 5. Nf3 {[%cal Bg1f3,Bf3e5,Be5d3,Bd3f4][%mdl 32]} d5 6. O-O Bd6 7. Ne5 Qe7 {A90: Dutch Defence: Miscellaneous and Modern Stonewall (with ...Bd6)} 8. Nd2 O-O 9. Ndf3 (9. Qc2 Nbd7 10. Nd3 b6 11. b4 a5 12. c5 bxc5 13. bxc5 Bc7 14. Qa4 Nb8 15. Nf3 Ba6 16. Bg5 {1-0 (41) Yu,Y (2764)-Vega Gutierrez,S (2390) Caleta 2019}) 9... b6 10. Qc2 Bb7 11. Bf4 Ne4 12. Nd3 {LiveBook: 8 Games} Bxf4 13. Nxf4 Nd7 14. Rac1 Rfc8 15. Rfd1 $146 ({Predecessor:} 15. cxd5 cxd5 16. Qa4 a6 17. Nd3 Qd6 18. Nfe5 Nxe5 19. Nxe5 Nd2 {½-½ (49) Stein,A-Bank,M Tel Aviv 1978}) 15... c5 16. cxd5 {[%cal Bc4d5,Bd5d6][%mdl 32]} cxd4 17. Qb3 $1 e5 18. d6+ $1 Qf7 19. Nd3 {[#] Strongly threatening Qxf7+.} Bd5 20. Qa3 Qe6 21. Rc7 Nec5 {[#]} (21... Rd8 $16) 22. Nxd4 $1 {[%cal Bf3d4,Bd4f5,Bf5e7][%mdl 544]} Qxd6 $2 (22... exd4 23. Nf4 Qxd6) 23. Rxc8+ {White is clearly winning.} Rxc8 24. Nxf5 Qe6 {Black wants to play ...Bxg2.} 25. Bxd5 Qxd5 26. Ne7+ {Precision: White = 81%, Black = 36%.} 1-0

[Event "Elite Hotels Open 2019"]
[Site "Vaxjo"]
[Date "2019.02.08"]
[Round "3.5"]
[White "Fransson, Patrick"]
[Black "Jepson, Christian"]
[Result "1/2-1/2"]
[WhiteElo "2117"]
[BlackElo "2389"]
[Annotator "TA"]
[PlyCount "79"]
[EventDate "2019.02.08"]
[EventType "swiss"]
[EventCountry "SWE"]
[SourceTitle "playchess.com"]
[Source "ChessBase"]
[SourceQuality "1"]

{[%evp 9,79,-2,9,8,16,7,4,0,8,0,10,-17,0,-18,0,-3,0,-39,-30,-31,8,-19,-8,-7,102,116,124,110,117,112,112,109,126,126,172,151,161,151,290,143,231,192,251,148,211,215,187,149,187,0,168,0,0,0,19,0,39,0,16,-54,0,0,0,0,29985,29986,29986,0,0,0,29976,0]} 1. d4 Nf6 2. Bg5 e6 3. e3 h6 4. Bh4 c5 (4... d6 5. Nd2 Nbd7 6. c3 Be7 7. Bd3 O-O 8. f4 e5 9. fxe5 dxe5 10. Ngf3 Ng4 11. Bf2 Nxf2 12. Kxf2 {1-0 (42) Andreikin,D (2705)-Alekseev,E (2622) Sochi 2017}) 5. c3 Qb6 6. Qc2 {A45: Trompowsky Attack} Nc6 7. Nd2 d5 8. Ngf3 {The position is equal.} Bd7 9. Bd3 $146 ({Predecessor:} 9. Rc1 Rc8 10. Qb1 cxd4 11. exd4 Nh5 {1-0 (38) Miladinovic,I (2579)-Petkov,V (2415) Plovdiv 2008}) 9... Rc8 10. a3 cxd4 11. exd4 Nh5 12. Bg3 Be7 13. O-O Nxg3 14. hxg3 Bf6 {[%cal Rc6d4]} 15. Qb3 Qc7 16. Rae1 h5 (16... Kf8 $11 {keeps the balance.}) 17. Qxd5 $1 $16 Kf8 18. Qe4 Ne7 19. Ne5 Be8 20. Ndf3 Qb6 21. Re2 Nf5 22. Qf4 {Black must now prevent d5.} Ne7 23. c4 Qb3 (23... Nc6 $16 24. d5 Nxe5 25. Nxe5 Rd8 26. dxe6 fxe6) 24. Rc1 (24. d5 $18 {Hoping for d6.} exd5 25. Rfe1) 24... Rd8 (24... Nc6 $16) 25. Bb1 Rc8 (25... Qb6 $142 26. Rd2 Kg8) 26. Rc3 (26. Rce1 $18) 26... Qa4 (26... Qb6 $16 {was necessary.} 27. Be4 Kg8) 27. Bc2 $18 Qa6 28. Bd3 Qa4 29. Bc2 Qa6 30. b4 $2 (30. Be4 $18) 30... Nd5 $1 $11 {[%cal Rd5f4]} 31. cxd5 Rxc3 32. Qd2 Qxa3 (32... Rxa3 33. dxe6 fxe6 34. d5) 33. dxe6 (33. d6 $5 {[%cal Rd4d5]}) 33... fxe6 34. Ng5 (34. Qf4 $11) 34... Bxg5 ({Don't blunder} 34... Qxb4 $2 35. Ng6+ Bxg6 36. Bxg6 $18) ({Black should try} 34... h4 $1 $15 35. Nxe6+ Kg8) 35. Qxg5 {Strongly threatening Nd7+!} Rh6 36. Qd8 $40 {[%mdl 128] White has some attack.} h4 $2 {[%mdl 8192]} (36... Qc1+ $11 37. Kh2 Rxc2 38. Nd7+ Kf7 39. Rxc2 Qxc2 40. Ne5+ Kf8 41. Nd7+ Kf7 42. Ne5+ Kf8 43. Nd7+ Kf7) 37. Nd7+ $1 ({Don't go for} 37. Ng6+ $2 Rxg6 $1 {[%mdl 512]} 38. Bxg6 Qc1+ 39. Kh2 hxg3+ 40. fxg3 Qh6+ {[%mdl 64] Double Attack} 41. Qh4 Qxh4+ 42. gxh4 Bxg6 $19) 37... Kf7 {[#]} 38. Ne5+ $2 (38. Bg6+ $1 {[%mdl 512]} Rxg6 (38... Kxg6 39. Qxe8+) 39. Ne5+ {[%mdl 64] Double Attack} Kf8 40. Nd7+ Kf7 41. Ne5+ {[%mdl 64] Double Attack} Kg8 42. Qxe8+ {[%mdl 64] Double Attack} Kh7 43. Qxg6+ Kg8 44. Qxe6+ Kh7 45. Qg6+ Kg8 46. Ng4) 38... Kf8 {( -> ...Qc1+)} 39. Nd7+ $2 {[%mdl 8192]} ({Not} 39. Ng6+ $2 Rxg6 $1 {[%mdl 512]} 40. Bxg6 Qc1+ 41. Kh2 hxg3+ 42. fxg3 Qh6+ {[%mdl 64] Double Attack} 43. Qh4 Qxh4+ 44. gxh4 Bxg6 $19) (39. gxh4 $11 Qc1+ {[%mdl 64] Double Attack} 40. Kh2 Rxc2 41. Nd7+ Kf7 42. Ne5+ Kg8 43. Rxc2 (43. Qxe8+ $2 Kh7 $17) 43... Qxc2 44. Qxe8+ Kh7 45. Nf3) 39... Kf7 {[#] aiming for ...Qc1+.} 40. Ne5+ $2 {Accuracy: White = 26%, Black = 34%.} (40. Bg6+ $1 {[%mdl 512] mates} Rxg6 (40... Kxg6 41. Qxe8+) 41. Ne5+ {[%mdl 64] Double Attack} Kg8 42. Qxe8+ {[%mdl 64] Double Attack} Kh7 43. Qxg6+ Kg8 44. Qxe6+ Kh7 45. Qg6+ Kg8 46. Ng4) 1/2-1/2

[Event "Elite Hotels Open 2019"]
[Site "Vaxjo"]
[Date "2019.02.08"]
[Round "3.6"]
[White "Dehlin, Gabriel"]
[Black "Lindberg, Bengt"]
[Result "0-1"]
[WhiteElo "2090"]
[BlackElo "2377"]
[Annotator "TA"]
[PlyCount "88"]
[EventDate "2019.02.08"]
[EventType "swiss"]
[EventCountry "SWE"]
[SourceTitle "playchess.com"]
[Source "ChessBase"]
[SourceQuality "1"]

{[%evp 15,88,0,0,0,14,4,10,2,4,0,9,-2,0,0,0,0,0,0,0,0,1,-8,14,0,0,-17,0,0,0,0,7,0,0,0,8,-14,-12,-17,-22,-22,-16,-35,0,0,14,-33,-35,-35,-35,-35,-37,-131,-92,-111,-6,-78,-7,-193,-18,-218,-189,-328,-323,-446,-445,-437,-444,-555,-567,-998,-989,-981,-855,-29983,-29984]} 1. d4 Nf6 2. Bf4 d6 3. Nf3 g6 4. e3 Bg7 5. Be2 b6 6. O-O Bb7 7. Nbd2 O-O 8. h3 Nbd7 9. Bh2 {A48: 1 d4 Nf6 2 Nf3 g6: Torre, London and Colle Systems} (9. a4 a6 10. Bh2 Ne4 11. Nxe4 Bxe4 12. c3 e5 13. Qb3 Qe7 14. Rfd1 Bb7 15. a5 b5 16. dxe5 Nxe5 17. Nxe5 dxe5 {½-½ (71) Pourramezanali,A (2533)-Yu,Y (2744) Tbilisi 2017}) 9... Ne4 10. Nxe4 Bxe4 11. Nd2 {The position is equal.} Bb7 12. Bf3 Bxf3 13. Nxf3 c5 $146 ({Predecessor:} 13... e5) 14. c3 Qc7 15. Re1 b5 16. e4 cxd4 17. cxd4 Rac8 18. Qb3 Qb6 19. Rad1 Rc4 20. e5 d5 21. Qd3 Rfc8 22. Bf4 e6 23. Rc1 b4 24. Be3 Qa5 25. Qb3 Nb6 26. Bd2 Bf8 27. h4 h5 28. Kh2 Qb5 29. Qd3 Qa5 30. Qb3 Qa6 31. g3 Rxc1 32. Bxc1 Qc4 33. Qe3 (33. Be3 $15) 33... Qc2 {Threatens to win with ...Bh6!} 34. Kg2 Qf5 ({Black should try} 34... Nc4 $17 35. Qb3 Qxb3 36. axb3 Na5) 35. Qg5 (35. Qe2 $11 {keeps the balance.}) 35... Qxg5 (35... Na4 $17 36. Qxf5 gxf5) 36. Nxg5 $2 {[#]} (36. Bxg5 $11 Rc2 37. b3) 36... a5 $2 (36... Rc2 $19 {White must now prevent ...a5.} 37. Nf3 Na4) 37. Nf3 $2 (37. Bf4 $11 {and White has nothing to worry.}) 37... Rc2 $19 38. Kf1 (38. Rd1 $142) 38... a4 {[%cal Ba5a4,Ba4b3][%mdl 32]} 39. Rd1 Nc4 40. Ne1 Nxb2 41. Nxc2 Nxd1 42. Bd2 b3 43. axb3 axb3 {[#] aiming for ...b2.} 44. Na3 Bxa3 {Accuracy: White = 35%, Black = 51%.} 0-1

[Event "Elite Hotels Open 2019"]
[Site "Vaxjo"]
[Date "2019.02.08"]
[Round "3.7"]
[White "Seo, Jung Min"]
[Black "Jakenberg, Jussi"]
[Result "1-0"]
[WhiteElo "2368"]
[BlackElo "2098"]
[Annotator "TA"]
[PlyCount "63"]
[EventDate "2019.02.08"]
[EventType "swiss"]
[EventCountry "SWE"]
[SourceTitle "playchess.com"]
[Source "ChessBase"]
[SourceQuality "1"]

{[%evp 14,63,20,16,31,13,22,20,35,18,22,-1,1,0,0,0,0,-19,0,-12,-8,-86,0,0,11,0,21,0,11,2,11,10,12,13,8,20,16,14,18,14,43,44,82,87,112,93,125,15,368,369,363,262]} 1. e4 e5 2. Nf3 d6 3. d4 exd4 4. Nxd4 Nf6 5. Nc3 Be7 6. Be2 O-O 7. O-O Re8 8. Re1 Bf8 {C41: Philidor Defence} 9. Bf1 c6 (9... Nbd7 10. h3 c6 11. Bf4 Ne5 12. a4 Ng6 13. Bh2 Qc7 14. Qd2 Bd7 15. Rad1 Rad8 16. Kh1 {0-1 (30) Filippov,A (2582)-Kazhgaleyev,M (2582) Almaty 2016}) 10. Bf4 Nbd7 {The position is equal.} 11. Qd2 Ne5 12. Rad1 Qc7 $146 ({Predecessor:} 12... Ng6 13. Be3 Qc7 14. f3 Bd7 15. Bg5 {½-½ (66) Siva,M (2333)-Thrish,K (2168) Mumbai 2019}) 13. f3 h6 14. Kh1 Bd7 15. Be2 Rad8 16. Bg3 b5 17. f4 (17. a3 $11 {keeps the balance.}) 17... Nc4 (17... b4 $17 18. fxe5 bxc3 19. Qxc3 dxe5) 18. Bxc4 $1 $11 bxc4 19. h3 Qb6 20. b3 cxb3 21. axb3 c5 22. Nf3 Bc6 {[%cal Rf6e4]} 23. Bh4 {Hoping for Bxf6.} Be7 24. Bxf6 Bxf6 25. Nd5 Bxd5 26. Qxd5 a5 27. Nd2 $36 {[%mdl 2048] White has good play.} Bd4 28. Nc4 Qc7 29. Rd3 Bf6 30. Nxd6 (30. Red1 $16) 30... Rf8 $2 {[%mdl 8192] [#]} (30... Re6 $1 $11 31. Qb7 (31. e5 Rdxd6 32. Qxd6 Rxd6 $17) 31... Qxb7 32. Nxb7 {[%mdl 64] Discovered Attack} Rxd3 33. cxd3 c4) 31. e5 $18 Be7 32. Red1 {Accuracy: White = 43%, Black = 24%.} 1-0

[Event "Elite Hotels Open 2019"]
[Site "Vaxjo"]
[Date "2019.02.08"]
[Round "3.8"]
[White "Goransson, Martin"]
[Black "Dragicevic, Drazen"]
[Result "0-1"]
[WhiteElo "2074"]
[BlackElo "2339"]
[Annotator "TA"]
[PlyCount "77"]
[EventDate "2019.02.08"]
[EventType "swiss"]
[EventCountry "SWE"]
[SourceTitle "playchess.com"]
[Source "ChessBase"]
[SourceQuality "1"]

{[%evp 18,77,22,20,33,10,43,22,31,-6,-16,-11,-10,-8,19,-2,0,-60,-60,-81,-73,-83,-79,-97,-83,-83,-83,-83,-83,-83,-83,-95,-93,-152,-99,-152,-152,-158,-127,-149,-119,-178,-96,-105,-105,-168,-158,-189,-197,-195,-202,-205,-172,-214,-200,-201,-172,-280,-277,-294,-278,-269]} 1. c4 Nf6 2. g3 g6 3. Bg2 Bg7 4. Nc3 O-O 5. e4 c5 6. Nge2 Nc6 7. O-O Ne8 8. d3 Nc7 9. Be3 Ne6 10. Qd2 a6 {A36: Symmetrical English vs ...g6: 4 Bg2 Bg7} (10... Ned4 11. Bh6 d6 12. Bxg7 Kxg7 13. f4 Rb8 14. Nxd4 Nxd4 15. f5 b5 16. cxb5 Nxb5 17. g4 Nd4 18. Rf2 {½-½ (32) Aronian,L (2797)-Huzman,A (2561) Caleta 2018}) 11. f4 d6 $146 ({Predecessor:} 11... Ned4 12. Rab1 d6 13. h3 Rb8 14. g4 b5 15. Ng3 Qa5 16. e5 dxe5 17. f5 bxc4 18. dxc4 {0-1 (38) Juric,S (2207)-Rezan,S (2355) Kastela 2002}) 12. f5 Ned4 {[%cal Rg6f5] The position is equal.} 13. g4 Rb8 14. Bh6 b5 15. Bxg7 Kxg7 16. b3 Ne5 17. Rf4 (17. Nxd4 $11 cxd4 18. Nd5) 17... g5 $15 18. Rff1 f6 19. h3 Qa5 $36 {[%mdl 2048] Black is on the roll.} 20. Rad1 bxc4 21. dxc4 Nxe2+ 22. Nxe2 Qxd2 23. Rxd2 Bb7 24. Nc3 Bc6 25. Rb1 {[#]} (25. Bf3 $142) 25... a5 (25... h5 $142 $1 {[%mdl 512]} 26. gxh5 Rh8) 26. a4 ({White should try} 26. Kf2) 26... Rb4 $17 {White must now prevent ...Rfb8.} 27. Rdb2 Rfb8 {Threatens to win with ...Nxc4!} 28. Nb5 Bxb5 29. cxb5 (29. axb5 $17 a4 30. Bf1) 29... c4 (29... Kf7 $19 30. Bf1 Rxe4) 30. bxc4 Rxa4 31. Bf1 (31. Rc2 $17 {was necessary.}) 31... Nxc4 $19 32. Bxc4 Rxc4 {[%mdl 4096] Endgame KRR-KRR} 33. b6 Rxe4 34. b7 Kf7 35. Kf2 Rc4 36. Rb5 Rc7 37. Ke3 (37. h4 $142) 37... a4 {[%cal Ba5a4,Ba4a3][%mdl 32]} 38. Kd4 a3 39. Ra1 {Accuracy: White = 29%, Black = 56%.} 0-1

[Event "Elite Hotels Open 2019"]
[Site "Vaxjo"]
[Date "2019.02.08"]
[Round "3.9"]
[White "Bellon Lopez, Juan Manuel"]
[Black "Mardell, Jonas"]
[Result "1-0"]
[WhiteElo "2336"]
[BlackElo "2029"]
[Annotator "TA"]
[PlyCount "35"]
[EventDate "2019.02.08"]
[EventType "swiss"]
[EventCountry "SWE"]
[SourceTitle "playchess.com"]
[Source "ChessBase"]
[SourceQuality "1"]

{[%evp 11,35,8,16,0,17,2,17,29,18,13,26,17,25,22,17,0,12,-14,230,235,248,250,469,454,783,765]} 1. d4 d5 2. Bf4 Nf6 3. e3 c5 4. c3 Nc6 5. Nd2 e6 6. Ngf3 h6 7. Bd3 {D02: 1 d4 d5 2 Nf3 sidelines, including 2...Nf6 3 g3 and 2...Nf6 3 Bf4} (7. Ne5 a6 8. Bd3 Bd6 9. Bg3 Qc7 10. Nxc6 Qxc6 11. O-O b6 12. Qf3 Bb7 13. Bxd6 Qxd6 14. Qg3 Qxg3 15. hxg3 {½-½ (53) Nguyen,N (2629)-Nakamura,H (2779) Doha 2016}) 7... Nh5 8. Be5 Nxe5 9. Nxe5 {The position is equal.} Nf6 10. f4 $146 ({Predecessor:} 10. O-O Bd6 11. f4 O-O 12. Qf3 Qc7 13. g4 Nd7 14. Qh3 Nxe5 15. dxe5 {1-0 (46) Colpe,M (2402)-Atri,J (2025) Hamburg 2017}) 10... Qb6 (10... Bd6 {seems wilder.} 11. Qe2 Nd7 12. O-O O-O 13. Rac1 Nxe5 14. dxe5 Be7) 11. Rb1 Bd6 12. O-O $36 {[%mdl 2048] Black is under pressure.} Bd7 13. Nxd7 Nxd7 14. Qg4 f5 $2 (14... g5 $11 {and Black is okay.}) 15. Qg6+ $18 {[%mdl 64] [#] Double Attack} ({Much less strong is} 15. Qxg7 $6 O-O-O $16) 15... Kd8 16. Qxe6 Re8 $2 (16... Nf6 17. Qxf5 (17. Bxf5 Re8 $18) 17... Re8) 17. Qxd5 Rxe3 (17... Nf6 $142 18. Qxf5 cxd4 19. exd4 Rc8) 18. Nc4 {[%mdl 64] Double Attack} 1-0

[Event "Elite Hotels Open 2019"]
[Site "Vaxjo"]
[Date "2019.02.08"]
[Round "3.10"]
[White "Kallstrom, Michael"]
[Black "Kucuksari, Kaan"]
[Result "0-1"]
[WhiteElo "1921"]
[BlackElo "2301"]
[Annotator "TA"]
[PlyCount "40"]
[EventDate "2019.02.08"]
[EventType "swiss"]
[EventCountry "SWE"]
[SourceTitle "playchess.com"]
[Source "ChessBase"]
[SourceQuality "1"]

{[%evp 9,40,33,23,6,11,0,17,5,73,55,75,69,85,0,56,0,-2,-5,2,0,3,8,27,18,36,-37,21,-34,0,-56,-64,-320,-319]} 1. e4 c5 2. Nf3 e6 3. d4 cxd4 4. Nxd4 a6 5. c4 Nf6 6. Qd3 {B41: Sicilian: Kan Variation: 5 c4} (6. Nc3 Qc7 7. a3 b6 8. Be3 Bb7 9. f3 d6 10. Rc1 Nbd7 11. Be2 Rc8 12. O-O Be7 13. b4 Qb8 14. Qd2 Bd8 15. Kh1 h5 16. Nb3 {1-0 (36) Karjakin,S (2753)-Smirin,I (2609) St Petersburg 2018}) 6... Nc6 7. Nxc6 bxc6 8. Be2 {The position is equal.} e5 $146 (8... d5 $11) ({Predecessor:} 8... Qc7 9. O-O d5 10. cxd5 cxd5 11. exd5 Nxd5 12. Bf3 Bb7 13. Bxd5 Bxd5 {½-½ (38) Hjortkjaer,R (1754)-Ottosen,P (1983) Valby 2007}) 9. O-O $16 Bc5 10. Nc3 O-O 11. Bg5 (11. Be3 $16 Be7 12. c5) 11... h6 (11... Bd4 $11) 12. Bh4 (12. Be3 $14 Bxe3 13. Qxe3) 12... d6 13. Rad1 Be6 14. Kh1 g5 $36 {[%mdl 2048] Black is more active.} 15. Bg3 Kg7 16. Na4 Bd4 17. Nc3 (17. f4 $14) 17... Qe7 {[#]} (17... c5 $15) 18. b3 (18. f4 $1 $11 {[%mdl 512]}) 18... Rad8 {[#]} 19. f3 ({White should try} 19. f4 $1 $11 {[%mdl 512]}) 19... Nh5 $15 20. Bf2 $2 {[%mdl 8192]} (20. Be1 $1 $15) 20... Nf4 {Accuracy: White = 37%, Black = 22%.} 0-1

[Event "Elite Hotels Open 2019"]
[Site "Vaxjo"]
[Date "2019.02.08"]
[Round "3.11"]
[White "Johansson, Gunnar"]
[Black "Nord, Alexander"]
[Result "1-0"]
[WhiteElo "2259"]
[BlackElo "1958"]
[Annotator "TA"]
[PlyCount "51"]
[EventDate "2019.02.08"]
[EventType "swiss"]
[EventCountry "SWE"]
[SourceTitle "playchess.com"]
[Source "ChessBase"]
[SourceQuality "1"]

{[%evp 14,51,15,20,20,16,31,37,46,32,45,43,52,56,61,65,150,157,141,140,219,229,366,365,384,384,668,692,695,696,676,452,442,447,451,438,502,497,780,432]} 1. d4 e6 2. c4 Nf6 3. Nf3 Bb4+ 4. Bd2 Bxd2+ 5. Qxd2 b6 6. Nc3 Bb7 7. g3 O-O 8. Bg2 d5 {E16: Queen's Indian: 4 g3 Bb7 5 Bg2 Bb4+} (8... Ne4 9. Qd3 f5 10. O-O Nxc3 11. Qxc3 d6 12. c5 Bd5 13. cxd6 cxd6 14. Nh4 Bxg2 15. Nxg2 Nd7 16. Rac1 Re8 17. Qa3 Nf6 18. Rc6 Rc8 19. Rxd6 {½-½ (31) Rodshtein,M (2678)-Baklan,V (2596) Linares 2018}) 9. Ne5 c6 10. O-O Nbd7 {White is slightly better.} 11. Rfd1 Qc7 12. f4 Rac8 $146 ({Predecessor:} 12... Rad8 13. Rac1 c5 14. cxd5 Nxd5 15. Nxd5 Bxd5 16. Nxd7 Rxd7 17. dxc5 bxc5 {½-½ (26) Grammatica,A (2286)-Greig,S (2164) ICCF email 2014}) 13. Rac1 Rfd8 14. cxd5 Nxe5 ({Black should play} 14... Nxd5 $14 15. Nxd5 exd5) 15. dxe5 $16 Nxd5 {[#]} 16. Nb5 $1 $36 {[%mdl 2560] White is in control.} Qe7 {[#]} (16... Qd7 $16) (16... cxb5 17. Rxc7) 17. Nd6 $1 $18 ({Not} 17. Nxa7 Rb8 $14) 17... Rb8 (17... f5 $142 18. Nxc8 Rxc8) 18. Nxb7 Rxb7 19. e4 h5 $2 (19... Rf8 20. exd5 cxd5) 20. Rxc6 {White is clearly winning.} Rbd7 {And now ...Ne3! would win.} 21. exd5 exd5 22. Rd6 Rxd6 23. exd6 Qxd6 24. Bxd5 Kf8 25. Qe3 Re8 (25... Qe7 $142 26. Qd3 g6) 26. Qa3 {Accuracy: White = 82%, Black = 27%.} 1-0

[Event "Elite Hotels Open 2019"]
[Site "Vaxjo"]
[Date "2019.02.08"]
[Round "3.12"]
[White "Walinder, Lars"]
[Black "Sandberg, Philip"]
[Result "1-0"]
[WhiteElo "2245"]
[BlackElo "1923"]
[Annotator "TA"]
[PlyCount "59"]
[EventDate "2019.02.08"]
[EventType "swiss"]
[EventCountry "SWE"]
[SourceTitle "playchess.com"]
[Source "ChessBase"]
[SourceQuality "1"]

{[%evp 14,58,32,37,345,345,313,338,316,329,391,375,379,390,386,395,387,387,438,431,421,426,442,433,538,482,741,767,748,754,827,711,29986,29987,29996,29992,29995,29996,29996,29997,29997,29998,29998,29998,29998,29999,29999]} 1. c4 c5 2. Nf3 Nc6 3. d4 cxd4 4. Nxd4 Nf6 5. Nc3 d6 6. e4 g6 7. f3 Bg7 8. Be3 Qb6 $2 {[%mdl 8192] [#] B38: Sicilian: Maroczy Bind with 5...Bg7 and 7...0-0} (8... O-O $14) (8... O-O 9. Qd2 Bd7 10. Be2 Nxd4 11. Bxd4 a5 12. b3 Bc6 13. O-O Nd7 14. Be3 Nc5 15. Rab1 e6 16. a3 Be5 17. b4 axb4 18. axb4 Ra3 19. bxc5 Rxc3 20. f4 Bg7 21. e5 dxe5 22. Qxc3 exf4 23. Qd2 Qg5 {0-1 (43) Bu,X (2730)-Savchenko,B (2566) Riadh 2017}) 9. Nf5 $1 $18 {[%cal Rf5g7]} Qxb2 10. Nxg7+ Kf8 {White has a decisive advantage.} 11. Na4 Qb4+ 12. Bd2 Qa3 13. Bh6 Qb4+ 14. Kf2 Kg8 15. Rb1 $146 ({Predecessor:} 15. Qb3 Qa5 16. Qb5 {1-0 (38) Merenyi,G (2130)-Vicicko,Z (1853) Hungary 2010}) 15... Qa3 16. Qb3 Qxb3 17. axb3 ({Much less strong is} 17. Rxb3 b6 $18) 17... Ne5 18. Be2 Nfd7 19. Rhd1 Nb8 (19... f6 $142 20. Ne6 Rb8) 20. c5 f6 21. cxd6 exd6 22. Rxd6 Nf7 23. Bc4 {[%cal Rd6d8] White mates.} Bd7 24. Rbd1 b5 25. Bxf7+ Kxf7 26. Rxd7+ Nxd7 27. Rxd7+ Kf8 28. Nc5 a5 29. Nge6+ {[%mdl 64] [#] Discovered Attack (Double check)} Ke8 30. Nc7# {Accuracy: White = 96%, Black = 24%.} 1-0

[Event "Elite Hotels Open 2019"]
[Site "Vaxjo"]
[Date "2019.02.08"]
[Round "3.13"]
[White "Nilsson, Patrik"]
[Black "Ivarsson, Sebastian"]
[Result "1-0"]
[WhiteElo "2169"]
[BlackElo "1911"]
[Annotator "TA"]
[PlyCount "61"]
[EventDate "2019.02.08"]
[EventType "swiss"]
[EventCountry "SWE"]
[SourceTitle "playchess.com"]
[Source "ChessBase"]
[SourceQuality "1"]

{[%evp 24,61,16,26,54,77,74,52,67,41,44,27,39,31,39,13,12,37,103,60,166,58,241,214,212,223,756,713,2062,1925,2442,2404,1480,190,1220,843,798,737,29992,29993]} 1. e4 e5 2. Nf3 Nc6 3. d4 exd4 4. Bc4 Nf6 5. e5 d5 6. Bb5 Ne4 7. Nxd4 Bd7 8. Bxc6 bxc6 9. O-O Bc5 10. Be3 O-O 11. f3 Ng5 12. f4 Ne4 13. Nd2 Rb8 {C56: Two Knights: 4 d4 exd4 5 0-0 Nxe4} (13... Nxd2 14. Qxd2 Qe7 15. Rae1 Bb6 16. f5 Qxe5 17. Nxc6 Qd6 18. Bxb6 Qxc6 19. Ba5 Rfe8 20. Rd1 Re5 21. f6 Rae8 22. Bc3 Rh5 23. fxg7 {1-0 (33) Jones,G (2623)-Pedersen,C (2418) Denmark 2015}) 14. Nxe4 dxe4 15. Qd2 Qe7 {White is slightly better.} 16. Qf2 $146 {aiming for Nxc6!} ({Predecessor:} 16. Nb3 Bb6 17. c4 Bxe3+ 18. Qxe3 Be6 19. Qxe4 Rb4 20. Rac1 {1-0 (41) De Arco,L (2217)-Paveto,K (2240) Bento Goncalves 2010}) 16... Bb6 $1 17. a4 {[%cal Ba2a4,Ba4a5][%mdl 32] And now a5 would win.} c5 18. Ne2 {Threatens to win with a5.} c4 19. a5 Bxe3 20. Qxe3 {[%mdl 64] Double Attack} Bg4 (20... Rxb2 $14 21. Qxa7 Rxc2) 21. Nd4 {Hoping for Nc6.} Rxb2 {[#]} (21... Qd7 $14) 22. Qxe4 (22. f5 $1 $18) 22... c5 $2 {[#]} (22... Bc8 $14) 23. Nc6 $1 $18 {[%cal Rc6e7]} Qb7 24. f5 Bxf5 $2 (24... g6) 25. Rxf5 Rc8 26. e6 {[%mdl 64] Discovered Attack} Qxc6 27. exf7+ Kf8 28. Qxc4 $2 (28. Qe2 {White wants to mate with Re1.} Rxc2 29. Qxc2) 28... Qb5 $2 (28... Rb4 29. Qd3 Rd4) 29. Qd5 {[%cal Rd5d6]} Qc6 30. Qd3 c4 31. Qa3+ {[%mdl 64] Double Attack. Accuracy: White = 30%, Black = 10%.} 1-0